Woman From Greek Mythology - Statistics

General Stats
  • This quiz has been taken 157 times
  • The average score is 11 of 15
Answer Stats
Description Woman % Correct
Goddess Of Wisdom And Battle Strategy Athena
98%
Snake-Headed Gorgon Who Turned Warriors To Stone Medusa
98%
Queen Of The Gods; Goddess Of Marriage Hera
97%
Abducted By Hades, Creator Of Seasons, Daughter Of Demeter Persephone
94%
Face That Launched 1,000 Ships, Kidnapped By Paris Helen
92%
Nymph/Sorceress Who Turned Men To Pigs; Glaucus Into An Imortal Circe
88%
Nymph/Sorceress Who Held Odysseus Hostage On Her Island For Seven Years Calypso
79%
Princess Of Troy Who Was Cursed So No One Believed Her Cassandra
73%
Titan Of The Moon; Stopped Typhoon From Taking Olympus, 50 Children With Endymion Selene
72%
Wife Of Eros, Goddess Of Soul, Completed ‘Impossible’ Tasks For Aphrodite Psyche
68%
Sorceress Who Married Jason; Helped Get Golden Fleece Medea
62%
Nymph Who Gut Turned Into A Tree After Being Chased By Apollo Daphne
60%
Wife Of Poseidon, Mother Of Triton Amphitrite
59%
Wife Of Dionysus, Helped Theseus Escape Labyrinth Ariadne
53%
Warrior Who Got Abandoned At Birth, Lost The Golden Apple Race Atalanta
42%
No matching quizzes found
Score Distribution
Percent of People with Each Score
Percentile by Number Answered
Your Score History
You have not taken this quiz